A fresh start (Record no. 109627)

MARC details
000 -LEADER
fixed length control field 01417cad a22002535a 4500
001 - CONTROL NUMBER
control field E147571
008 - FIXED-LENGTH DATA ELEMENTS--GENERAL INFORMATION
fixed length control field 090526s2009 xxk f 000 0 eng d
020 ## - INTERNATIONAL STANDARD BOOK NUMBER
International Standard Book Number 9780755980192
035 ## - SYSTEM CONTROL NUMBER
System control number (Sirsi) u147571
041 0# - LANGUAGE CODE
Language code of text/sound track or separate title eng
050 04 - LIBRARY OF CONGRESS CALL NUMBER
Classification number 639.8 $2 20
110 2# - MAIN ENTRY--CORPORATE NAME
Corporate name or jurisdiction name as entry element Marine Scotland
9 (RLIN) 5740
245 02 - TITLE STATEMENT
Title A fresh start
Remainder of title the renewed strategic framework for Scottish aquaculture
Medium [electronic resource]
260 ## - PUBLICATION, DISTRIBUTION, ETC.
Place of publication, distribution, etc. Edinburgh
Name of publisher, distributor, etc. Scottish Government
Date of publication, distribution, etc. 2009
505 2# - FORMATTED CONTENTS NOTE
Formatted contents note Ministerial foreword -- Vision and guiding principles -- The importance of aquaculture -- The bigger picture -- How we got here -- The renewed strategic framework for Scottish aquaculture -- The key themes: healthier fish and shellfish; improved systems for licensing aquaculture developments; improved containment; better marketing and improved image; improved access to finance -- Delivery -- Appendix
520 ## - SUMMARY, ETC.
Summary, etc. Sets out a framework for aquaculture in Scotland, including improved disease control, sustainable growth, and the development of a smaller and more focused Ministerial Group on Aquaculture.
521 ## - TARGET AUDIENCE NOTE
Target audience note Advanced
590 ## - LOCAL NOTE (RLIN)
Local note KA
651 #4 - SUBJECT ADDED ENTRY--GEOGRAPHIC NAME
Geographic name Scotland
Chronological subdivision 1999-
690 ## - LOCAL SUBJECT ADDED ENTRY--TOPICAL TERM (OCLC, RLIN)
Topical term or geographic name as entry element PROPERTY-RURAL AND NATURAL ASSETS-WATER RESOURCES
710 1# - ADDED ENTRY--CORPORATE NAME
Corporate name or jurisdiction name as entry element Scotland
Subordinate unit Scottish Government
9 (RLIN) 5344
856 40 - ELECTRONIC LOCATION AND ACCESS
Uniform Resource Identifier <a href="https://www.scotland.gov.uk/Publications/2009/05/14160104/0">https://www.scotland.gov.uk/Publications/2009/05/14160104/0</a>
Public note View the framework free of charge at www.scotland.gov.uk...
942 ## - ADDED ENTRY ELEMENTS (KOHA)
Suppress in OPAC 0
Holdings
Withdrawn status Lost status Source of classification or shelving scheme Damaged status Not for loan Home library Current library Shelving location Date acquired Total Checkouts Full call number Barcode Date last seen Copy number Price effective from Koha item type
    Dewey Decimal Classification     Virtual Virtual Online 26/05/2009   ONLINE PUBLICATION 147571-2001 06/08/2019 1 06/08/2019 Book